Snatakar bahumukhi paath (Record no. 9108)
[ view plain ]
| 000 -LEADER | |
|---|---|
| fixed length control field | 00606cam a2200229ua 4500 |
| 005 - DATE AND TIME OF LATEST TRANSACTION | |
| control field | 20210211151809.0 |
| 008 - FIXED-LENGTH DATA ELEMENTS--GENERAL INFORMATION | |
| fixed length control field | 170330n ii |||gr||||Z||||||asm |
| 020 ## - INTERNATIONAL STANDARD BOOK NUMBER | |
| International Standard Book Number | 9789384303235 |
| 040 ## - CATALOGING SOURCE | |
| Transcribing agency | MAIN |
| Original cataloging agency | IN-DiNC |
| 041 ## - LANGUAGE CODE | |
| Language code of sung or spoken text | Assamese |
| 082 ## - DEWEY DECIMAL CLASSIFICATION NUMBER | |
| Classification number | 001 |
| Item number | PAU |
| 100 ## - MAIN ENTRY--PERSONAL NAME | |
| Personal name | Paul, Pranab, |
| Relator term | Author |
| 245 ## - TITLE STATEMENT | |
| Title | Snatakar bahumukhi paath |
| Statement of responsibility, etc. | By Pranab Paul and Sangita Paul |
| 250 ## - EDITION STATEMENT | |
| Edition statement | 1st ed. |
| 260 ## - PUBLICATION, DISTRIBUTION, ETC. | |
| Place of publication, distribution, etc. | Dibrugarh: |
| Name of publisher, distributor, etc. | Mahaveer, |
| Date of publication, distribution, etc. | 2015. |
| 300 ## - PHYSICAL DESCRIPTION | |
| Extent | 207p. |
| 650 ## - SUBJECT ADDED ENTRY--TOPICAL TERM | |
| Topical term or geographic name entry element | Multidisciplinary course |
| 700 ## - ADDED ENTRY--PERSONAL NAME | |
| Personal name | Paul, Sangita, |
| Relator term | Author |
| 942 ## - ADDED ENTRY ELEMENTS (KOHA) | |
| Koha item type | Books |
| Source of classification or shelving scheme | Dewey Decimal Classification |
| 653 ## - INDEX TERM--UNCONTROLLED | |
| Uncontrolled term | Knowledge |
| 653 ## - INDEX TERM--UNCONTROLLED | |
| Uncontrolled term | Multi disciplinary |
| Withdrawn status | Lost status | Damaged status | Not for loan | Home library | Current library | Shelving location | Date acquired | Total Checkouts | Full call number | Barcode | Date last seen | Date last checked out | Copy number | Price effective from | Koha item type | Source of classification or shelving scheme | Cost, normal purchase price |
|---|---|---|---|---|---|---|---|---|---|---|---|---|---|---|---|---|---|
| Naharkatiya College Library | Naharkatiya College Library | General Stacks | 19/09/2020 | 8 | 001 | PAU | 23761 | 28/02/2022 | 04/01/2022 | 4 | 19/09/2020 | Books | ||||||
| Naharkatiya College Library | Naharkatiya College Library | General Stacks | 19/09/2020 | 8 | 001 | PAU | 23762 | 11/03/2022 | 23/02/2022 | 3 | 19/09/2020 | Books | ||||||
| Naharkatiya College Library | Naharkatiya College Library | General Stacks | 19/09/2020 | 7 | 001 | PAU | 23763 | 05/03/2022 | 30/12/2021 | 2 | 19/09/2020 | Books | ||||||
| Naharkatiya College Library | Naharkatiya College Library | General Stacks | 19/09/2020 | 12 | 001 | PAU | 23764 | 28/02/2022 | 27/01/2022 | 1 | 19/09/2020 | Books | ||||||
| Naharkatiya College Library | Naharkatiya College Library | General Stacks | 19/09/2020 | 8 | 001 | PAU | 23765 | 11/07/2022 | 25/06/2022 | 5 | 19/09/2020 | Books | ||||||
| Naharkatiya College Library | Naharkatiya College Library | General Stacks | 11/02/2021 | 7 | 001 PAU | 23252 | 28/02/2022 | 25/01/2022 | 6 | 11/02/2021 | Books | Dewey Decimal Classification | 190.00 | ||||
| Naharkatiya College Library | Naharkatiya College Library | General Stacks | 11/02/2021 | 5 | 001 PAU | 23253 | 28/02/2022 | 01/02/2022 | 7 | 11/02/2021 | Books | Dewey Decimal Classification | 190.00 | ||||
| Naharkatiya College Library | Naharkatiya College Library | General Stacks | 11/02/2021 | 6 | 001 PAU | 23254 | 28/02/2022 | 14/02/2022 | 8 | 11/02/2021 | Books | Dewey Decimal Classification | 190.00 |
